[Event "Lliga Catalana eq. DH"]
[Site "?"]
[Date "2014.03.08"]
[Round "7.7"]
[White "Pinsach Gelabert, A."]
[Black "Sanchez Ibern, M."]
[Result "0-1"]
[WhiteElo "2295"]
[BlackElo "2441"]
[PlyCount "100"]
[EventDate "2014.??.??"]
[EventType "team"]
[EventCountry "ESP"]

1. e4 c5 2. Nf3 Nf6 3. e5 Nd5 4. g3 g6 5. Bg2 Bg7 6. O-O Nc6 7. Re1 Nc7 8. d3
O-O 9. Nc3 d6 10. exd6 exd6 11. Bg5 f6 12. Bf4 Ne6 13. Nd5 Nxf4 14. Nxf4 Re8
15. c3 Bf8 16. Rxe8 Qxe8 17. Nd5 Qf7 18. Nd2 Be6 19. Nf4 Kg7 20. Nxe6+ Qxe6 21.
Qb3 Qf7 22. Bd5 Qc7 23. Re1 Rb8 24. f4 b5 25. Bxc6 Qxc6 26. Qe6 Qc8 27. Qd5 Qb7
28. Qe6 Qf7 29. Qxf7+ Kxf7 30. b3 b4 31. c4 Rd8 32. Nf1 d5 33. Kf2 d4 34. Nd2
Be7 35. Nf3 Rb8 36. g4 a5 37. Nd2 a4 38. Kf3 Ra8 39. Ne4 axb3 40. axb3 Ra2 41.
Re2 Ra1 42. Rb2 f5 43. gxf5 gxf5 44. Nd2 Re1 45. Ra2 Re3+ 46. Kf2 Bh4+ 47. Kf1
Rxd3 48. Ra7+ Kg6 49. Ke2 Re3+ 50. Kd1 d3 0-1

[Event "Lliga Catalana eq. DH"]
[Site "?"]
[Date "2014.03.08"]
[Round "7.7"]
[White "Serra Fontova, F."]
[Black "Bruned Segura, M."]
[Result "1-0"]
[WhiteElo "2276"]
[BlackElo "2241"]
[PlyCount "61"]
[EventDate "2014.??.??"]
[EventType "team"]
[EventCountry "ESP"]

1. Nf3 d6 2. e4 e5 3. d4 exd4 4. Qxd4 Nf6 5. Nc3 Be7 6. Bg5 O-O 7. O-O-O Nc6 8.
Qd2 Bg4 9. Kb1 h6 10. Be3 Re8 11. h3 Bh5 12. g4 Bg6 13. Bd3 Bf8 14. g5 Nxe4 15.
Nxe4 Bxe4 16. Bxe4 Rxe4 17. gxh6 gxh6 18. Rhg1+ Kh7 19. Qd5 Qe7 20. Qf5+ Kh8
21. Ng5 hxg5 22. Bxg5 Bg7 23. Bxe7 Rxe7 24. Qh5+ Kg8 25. Rxg7+ Kxg7 26. Rg1+
Kf6 27. Qh6+ Kf5 28. Rg5+ Ke4 29. Qh4+ Kf3 30. Qg4+ Kxf2 31. Qf4+ 1-0

[Event "Lliga Catalana eq. DH"]
[Site "?"]
[Date "2014.03.08"]
[Round "7.8"]
[White "Benet Morant, D."]
[Black "Tallo Dominguez, I."]
[Result "0-1"]
[WhiteElo "2168"]
[BlackElo "2338"]
[PlyCount "86"]
[EventDate "2014.??.??"]
[EventType "team"]
[EventCountry "ESP"]

1. d4 Nf6 2. c4 c5 3. d5 b5 4. cxb5 a6 5. bxa6 g6 6. b3 Bg7 7. Bb2 O-O 8. Nf3
Bxa6 9. g3 Bb7 10. Bg2 Bxd5 11. O-O Bb7 12. Qc2 d6 13. Rd1 Nc6 14. Nbd2 Ra6 15.
Bf1 Qa8 16. a3 Nb8 17. e4 Ra7 18. Re1 Nbd7 19. Bd3 e6 20. Nc4 d5 21. Nd6 Bc6
22. e5 Ng4 23. h3 d4 24. Be4 Ngxe5 25. Nxe5 Nxe5 26. Rec1 d3 27. Bxc6 Qxc6 28.
Qxc5 Nf3+ 29. Kh1 Qxc5 30. Rxc5 Bxb2 31. Rb1 Bxa3 32. Rc3 Bxd6 33. Rxd3 Bxg3
34. fxg3 Ne5 35. Rc3 Rd8 36. b4 Rb7 37. b5 Rd5 38. b6 Rd6 39. Rc5 Nd7 40. Rc7
Rbxb6 41. Ra1 Ne5 42. g4 g5 43. Re1 Rb2 0-1

[Event "Lliga Catalana eq. DH"]
[Site "?"]
[Date "2014.03.08"]
[Round "7.8"]
[White "Bru Rull, L."]
[Black "Prat Llables, J."]
[Result "1/2-1/2"]
[WhiteElo "2263"]
[BlackElo "2284"]
[PlyCount "70"]
[EventDate "2014.??.??"]
[EventType "team"]
[EventCountry "ESP"]

1. e4 c5 2. Nf3 Nc6 3. d4 cxd4 4. Nxd4 Nf6 5. Nc3 e5 6. Ndb5 d6 7. Bg5 a6 8.
Na3 b5 9. Nd5 Be7 10. Bxf6 Bxf6 11. c4 b4 12. Nc2 O-O 13. g3 a5 14. Bg2 Bg5 15.
O-O Be6 16. Qd3 Bxd5 17. cxd5 Nb8 18. a3 Na6 19. axb4 Nxb4 20. Nxb4 axb4 21. h4
Bh6 22. Ra6 Rxa6 23. Qxa6 Qc7 24. Qc6 Rc8 25. Ra1 Qb8 26. Qd7 Rc1+ 27. Rxc1
Bxc1 28. b3 g6 29. Bh3 Kg7 30. Be6 Qf8 31. Qc7 Bd2 32. Kg2 h5 33. g4 hxg4 34.
Bxg4 Kf6 35. Qd7 Qe7 1/2-1/2

[Event "Lliga Catalana eq. DH"]
[Site "?"]
[Date "2014.03.08"]
[Round "7.8"]
[White "Garcia Pichon, E."]
[Black "Garcia Jimenez, FJ."]
[Result "1-0"]
[WhiteElo "2260"]
[BlackElo "2362"]
[PlyCount "95"]
[EventDate "2014.??.??"]
[EventType "team"]
[EventCountry "ESP"]

1. c4 e5 2. Nc3 Nc6 3. Nf3 g6 4. d4 exd4 5. Nxd4 Bg7 6. Nc2 h6 7. g3 Nf6 8. Bg2
O-O 9. O-O d6 10. h3 Be6 11. Nd5 Ne5 12. b3 Rb8 13. f4 Ned7 14. e4 Bxd5 15.
cxd5 Re8 16. Re1 Nh5 17. g4 Bxa1 18. Nxa1 Ng7 19. Bb2 g5 20. Qd4 f6 21. Qd2 Nf8
22. Nc2 Ng6 23. f5 Ne5 24. Nd4 c6 25. Ne6 Nxe6 26. fxe6 c5 27. Rf1 Rf8 28. Kh2
b5 29. Kg3 a5 30. h4 a4 31. Rf5 Qe7 32. Bf1 axb3 33. axb3 Ng6 34. Qf2 Ne5 35.
Qd2 b4 36. hxg5 fxg5 37. Bxe5 Rxf5 38. exf5 dxe5 39. d6 Qf6 40. e7 e4 41. Qd5+
Kg7 42. Qxc5 Qc3+ 43. Qxc3+ bxc3 44. d7 c2 45. d8=Q c1=Q 46. Qxb8 Qe3+ 47. Kh2
Qf4+ 48. Qxf4 1-0

[Event "Lliga Catalana eq. DH"]
[Site "?"]
[Date "2014.03.08"]
[Round "7.8"]
[White "Marques Taltavull, A."]
[Black "Valencia Jimenez, J."]
[Result "0-1"]
[WhiteElo "2254"]
[BlackElo "2221"]
[PlyCount "125"]
[EventDate "2014.??.??"]
[EventType "team"]
[EventCountry "ESP"]

1. c4 g6 2. Nc3 Bg7 3. g3 e5 4. e4 d6 5. Bg2 Ne7 6. Nge2 Nbc6 7. d3 O-O 8. O-O
Nd4 9. Nxd4 exd4 10. Ne2 c6 11. b4 a5 12. b5 d5 13. Rb1 dxc4 14. dxc4 Be6 15.
Qa4 cxb5 16. cxb5 Rc8 17. Rd1 Rc4 18. Qa3 Qc7 19. Bf4 Qd7 20. Qxa5 Rfc8 21. Rd2
h6 22. h4 Rc2 23. Rbd1 Rxd2 24. Qxd2 Rd8 25. a4 Bb3 26. Rc1 d3 27. Nc3 Qd4 28.
Nd1 Qxa4 29. b6 Nc6 30. Bc7 Rd7 31. Bh3 Rd4 32. Ne3 Qb4 33. Nf1 Bc2 34. Qxb4
Rxb4 35. Ne3 Nd4 36. Bg4 h5 37. Bd1 Bxd1 38. Rxd1 d2 39. Kf1 Nb3 40. e5 Rb5 41.
f4 Bf8 42. Nc4 Rd5 43. Ke2 Bb4 44. Bd6 Bc3 45. Ne3 Nc1+ 46. Kf3 Rb5 47. Nc4 Nb3
48. Bc7 Bb4 49. Ke2 Nd4+ 50. Kd3 Rd5 51. Ke4 Rd7 52. Nd6 Ne2 53. Kd3 Nxg3 54.
Kc4 Bxd6 55. Bxd6 Ne4 56. Kb3 f6 57. Kc2 Kf7 58. Rf1 Nxd6 59. exd6 Rxd6 60. Rd1
Ke6 61. Kc3 Kf5 62. Kc4 Kxf4 63. Kc5 0-1

[Event "Lliga Catalana eq. DH"]
[Site "?"]
[Date "2014.03.08"]
[Round "7.8"]
[White "Martin Gonzalez, A."]
[Black "Serra Pages, J."]
[Result "1-0"]
[WhiteElo "2464"]
[BlackElo "2291"]
[PlyCount "85"]
[EventDate "2014.??.??"]
[EventType "team"]
[EventCountry "ESP"]

1. e4 e5 2. Nf3 Nc6 3. Bb5 a6 4. Ba4 Nf6 5. O-O Be7 6. Re1 b5 7. Bb3 d6 8. c3
O-O 9. a4 Na5 10. Bc2 Bg4 11. h3 Bxf3 12. Qxf3 c5 13. d3 Nd7 14. Qg3 Re8 15.
Bh6 Bf8 16. Nd2 Nb6 17. axb5 axb5 18. Nf3 Re6 19. Bg5 Be7 20. Be3 Rg6 21. Qh2
Nc6 22. h4 Bf8 23. Bb3 h6 24. h5 Rf6 25. Qg3 Na5 26. Ba2 c4 27. Nh2 Kh8 28. Ng4
Re6 29. Bxb6 Qxb6 30. dxc4 Nxc4 31. Ne3 Rc8 32. Nd5 Qb8 33. Qf3 Qb7 34. b3 Nb6
35. b4 Nc4 36. Qf5 Ree8 37. Bxc4 Rxc4 38. Re3 Rcc8 39. Rf3 f6 40. Qg6 Ra8 41.
Re1 Reb8 42. Rg3 Ra7 43. Nxf6 1-0

[Event "Lliga Catalana eq. DH"]
[Site "?"]
[Date "2014.03.08"]
[Round "7.8"]
[White "Pericas Rechi, M."]
[Black "Yepes Martinez, E."]
[Result "1-0"]
[WhiteElo "1963"]
[BlackElo "2320"]
[PlyCount "79"]
[EventDate "2014.??.??"]
[EventType "team"]
[EventCountry "ESP"]

1. e4 c5 2. Nf3 Nc6 3. Bb5 Nf6 4. Qe2 g6 5. c3 Bg7 6. O-O O-O 7. Rd1 d5 8. e5
Ne8 9. Bxc6 bxc6 10. d4 cxd4 11. cxd4 f6 12. h3 fxe5 13. Nxe5 c5 14. Nc6 Qd6
15. Nxe7+ Kh8 16. dxc5 Qxc5 17. Nxd5 Bb7 18. Be3 Qa5 19. Nbc3 Nd6 20. Bd4 Bxd4
21. Rxd4 Rae8 22. Qc2 Qc5 23. Rad1 Re5 24. Nf4 Nf7 25. Rd7 Bc6 26. Nd3 Qb6 27.
Nxe5 Nxe5 28. R7d6 Qc7 29. Re6 Ba8 30. Re1 Nf7 31. Re8 Kg7 32. Rxf8 Kxf8 33.
Qe2 Qc6 34. Qe4 Qc8 35. Qe7+ Kg7 36. Qxa7 Qc6 37. Qd4+ Kg8 38. Qe4 Qa6 39. Qd4
Qc6 40. f3 1-0

[Event "Lliga Catalana eq. DH"]
[Site "?"]
[Date "2014.03.08"]
[Round "7.8"]
[White "Quintas Galeano, L."]
[Black "Ezquerro Luque, A."]
[Result "0-1"]
[WhiteElo "2222"]
[BlackElo "2201"]
[PlyCount "76"]
[EventDate "2014.??.??"]
[EventType "team"]
[EventCountry "ESP"]

1. e4 e5 2. Nf3 Nc6 3. Bb5 a6 4. Ba4 d6 5. O-O Bd7 6. c3 g6 7. d4 Bg7 8. d5 Nb8
9. Bc2 Ne7 10. c4 O-O 11. Nc3 f5 12. Ng5 f4 13. f3 h6 14. Ne6 Bxe6 15. dxe6
Nbc6 16. Nd5 Nd4 17. c5 dxc5 18. Bb3 b5 19. Bd2 a5 20. a4 c4 21. Ba2 c6 22. Nc3
b4 23. Ne2 Qb6 24. Kh1 b3 25. Bb1 Rfd8 26. Qe1 g5 27. Nxd4 exd4 28. e5 Qc5 29.
Qe4 Qxe5 30. Qh7+ Kf8 31. Re1 Qf6 32. Rc1 c3 33. Bxc3 dxc3 34. Re1 c2 35. Bxc2
bxc2 36. Qxc2 Qxb2 37. Qc5 Qb4 38. Qc2 Bxa1 0-1

[Event "Lliga Catalana eq. DH"]
[Site "?"]
[Date "2014.03.08"]
[Round "7.8"]
[White "Roca Diaz, MA."]
[Black "Argemi Bartolome, R."]
[Result "1-0"]
[WhiteElo "2148"]
[BlackElo "2084"]
[PlyCount "47"]
[EventDate "2014.??.??"]
[EventType "team"]
[EventCountry "ESP"]

1. d4 Nf6 2. c4 c5 3. d5 b5 4. Qc2 d6 5. e4 g6 6. f4 Bg7 7. cxb5 a6 8. Nc3 O-O
9. Nf3 axb5 10. Bxb5 Ba6 11. Bxa6 Nxa6 12. O-O Qb6 13. Kh1 Nb4 14. Qe2 Rfe8 15.
a3 e6 16. dxe6 Rxe6 17. Ng5 Re7 18. e5 h6 19. Qf3 Qc6 20. Qxc6 Nxc6 21. exf6
Bxf6 22. Nd5 Bxg5 23. fxg5 Re5 24. Nf6+ 1-0

[Event "Lliga Catalana eq. DH"]
[Site "?"]
[Date "2014.03.08"]
[Round "7.8"]
[White "Tacon Berrocal, F."]
[Black "Jose Abril, R."]
[Result "0-1"]
[WhiteElo "2089"]
[BlackElo "2397"]
[PlyCount "124"]
[EventDate "2014.??.??"]
[EventType "team"]
[EventCountry "ESP"]

1. g3 Nf6 2. Bg2 g6 3. c4 Bg7 4. Nc3 d6 5. d4 O-O 6. Nf3 Nc6 7. O-O a6 8. e3
Rb8 9. Qe2 b5 10. Nd2 Na5 11. b4 Nxc4 12. Nxc4 bxc4 13. Qxc4 Be6 14. Qxa6 Rxb4
15. Qa5 c5 16. Qxd8 Rxd8 17. a3 Rb3 18. Ne2 Bc4 19. Re1 d5 20. a4 Nd7 21. Ra3
e6 22. Bf1 Rxa3 23. Bxa3 Bxe2 24. Bxe2 cxd4 25. exd4 Bxd4 26. Bb5 Nf6 27. Rd1
Be5 28. Be7 Rb8 29. f4 Bc3 30. Bxf6 Bxf6 31. Rc1 g5 32. Kf2 Kg7 33. Kf3 Bd8 34.
Rc6 h5 35. Ke3 Bb6+ 36. Kf3 Kf6 37. h3 gxf4 38. Kxf4 Bd4 39. Kf3 Be5 40. Ra6
Bd4 41. Rc6 Rg8 42. Be2 Be5 43. g4 hxg4+ 44. hxg4 Rh8 45. a5 Rh2 46. a6 Bd4 47.
Rc2 Rh3+ 48. Kg2 Ra3 49. Rc6 Be5 50. Kf2 Kg5 51. Rc8 Bd4+ 52. Kg2 Kf4 53. Rc2
e5 54. Kh2 f6 55. Rd2 Ke4 56. Rc2 Ra5 57. Kh3 Bc5 58. Rb2 d4 59. Rb5 Rxb5 60.
Bxb5 d3 61. Kg2 Kd4 62. Kf2 e4 0-1

[Event "Lliga Catalana eq. DH"]
[Site "?"]
[Date "2014.03.08"]
[Round "7.9"]
[White "Colls Gelaberto, E."]
[Black "Ibañez Tarradellas, E."]
[Result "0-1"]
[WhiteElo "2270"]
[BlackElo "2400"]
[PlyCount "132"]
[EventDate "2014.??.??"]
[EventType "team"]
[EventCountry "ESP"]

1. Nf3 Nc6 2. d4 d5 3. Bf4 Bg4 4. e3 e6 5. Be2 Bd6 6. Nbd2 Bxf4 7. exf4 Qd6 8.
g3 Bxf3 9. Nxf3 Qb4+ 10. Kf1 Nge7 11. Rb1 Qa4 12. a3 Nf5 13. c3 Qxd1+ 14. Rxd1
O-O 15. Kg2 a5 16. a4 Nce7 17. Rhe1 c6 18. Ne5 Rfc8 19. Bd3 Rc7 20. Re2 b6 21.
Nf3 c5 22. h3 Rb8 23. Bb1 g6 24. Bxf5 Nxf5 25. g4 Nd6 26. Ne5 c4 27. Ra1 b5 28.
axb5 Rxb5 29. g5 Rcb7 30. Ra2 a4 31. Ng4 Ra7 32. Nf6+ Kg7 33. Kf1 Rb3 34. Re1
Nb5 35. Re3 a3 36. bxa3 Nxc3 37. Ra1 Raxa3 38. Rxa3 Rxa3 39. Re1 Rb3 40. Ne8+
Kh8 41. Kg2 Rb1 42. Re3 Nb5 43. h4 c3 44. Re2 Nxd4 45. Ra2 Rb8 46. Nd6 Kg8 47.
Ra3 Nb3 48. Ra2 Kf8 49. Rc2 Ke7 50. Nxf7 Kxf7 51. Rxc3 Rb7 52. Rc8 Rd7 53. Rh8
Kg7 54. Re8 Nc5 55. Rc8 Nb7 56. Kf3 Nd6 57. Ra8 Nf5 58. Kg4 d4 59. Ra2 d3 60.
Rd2 h5+ 61. gxh6+ Kxh6 62. Kf3 Nxh4+ 63. Ke4 Kg7 64. Rxd3 Rxd3 65. Kxd3 Kf6 66.
Ke4 Nf5 0-1

[Event "Lliga Catalana eq. DH"]
[Site "?"]
[Date "2014.03.08"]
[Round "7.9"]
[White "De la Riva Aguado, J."]
[Black "Gorgues Valle, JM."]
[Result "1-0"]
[WhiteElo "2326"]
[BlackElo "1910"]
[PlyCount "79"]
[EventDate "2014.??.??"]
[EventType "team"]
[EventCountry "ESP"]

1. e4 e5 2. Nf3 Nc6 3. Bb5 a6 4. Ba4 Nf6 5. d3 b5 6. Bb3 Be7 7. O-O d6 8. a4
Rb8 9. Re1 O-O 10. Nbd2 Na5 11. Ba2 b4 12. Nf1 Be6 13. Bxe6 fxe6 14. d4 Nd7 15.
dxe5 dxe5 16. Qe2 Qc8 17. b3 c5 18. Bb2 Nc6 19. Ne3 Nd4 20. Bxd4 exd4 21. Nc4
Qc7 22. a5 e5 23. Nb6 Nxb6 24. axb6 Rxb6 25. Rxa6 Rxa6 26. Qxa6 Qd6 27. Qc4+
Kh8 28. Ra1 h6 29. Ra6 Qc7 30. Qd5 Bf6 31. Ne1 Rd8 32. Qc4 Qb7 33. f3 Bg5 34.
Nd3 Be3+ 35. Kf1 Ra8 36. Nxc5 Qc8 37. Rxa8 Qxa8 38. Na6 Qf8 39. Nxb4 Qf4 40.
Qc8+ 1-0

[Event "Lliga Catalana eq. DH"]
[Site "?"]
[Date "2014.03.08"]
[Round "7.9"]
[White "Diaz Camallonga, C."]
[Black "Cortes Simon, PA."]
[Result "1-0"]
[WhiteElo "2314"]
[BlackElo "2096"]
[PlyCount "109"]
[EventDate "2014.??.??"]
[EventType "team"]
[EventCountry "ESP"]

1. e4 c5 2. Nf3 d6 3. d4 cxd4 4. Nxd4 Nf6 5. Nc3 a6 6. Be2 e5 7. Nb3 Be7 8. O-O
Be6 9. a4 O-O 10. Be3 Nbd7 11. Qd2 Rc8 12. Rfd1 Nb6 13. Na5 Qc7 14. Bf3 Rfe8
15. h3 Red8 16. Qe1 Rd7 17. Nb3 Nc4 18. Bc1 Qd8 19. Nd5 Bxd5 20. exd5 Rdc7 21.
a5 Qd7 22. g4 h6 23. Ra2 Re8 24. Bg2 Qb5 25. Qe2 Rec8 26. Na1 Na3 27. Qxb5 Nxb5
28. c3 Nd7 29. Bf1 Nc5 30. Be3 Bg5 31. c4 Bxe3 32. fxe3 Na7 33. b4 Ne4 34. Rc2
Ng3 35. Rdc1 Nxf1 36. Kxf1 Kf8 37. Nb3 Nb5 38. c5 Ke7 39. cxd6+ Kxd6 40. Nc5
Rf8 41. Rd2 Re8 42. Ne4+ Kd7 43. Rxc7+ Kxc7 44. Rc2+ Kb8 45. Nc5 Rd8 46. e4 Nd4
47. Rf2 f6 48. Kg2 Kc7 49. h4 Rd6 50. Kg3 g6 51. Kh3 Kb8 52. h5 g5 53. Rxf6
Rxf6 54. Nd7+ Kc7 55. Nxf6 1-0

[Event "Lliga Catalana eq. DH"]
[Site "?"]
[Date "2014.03.08"]
[Round "7.9"]
[White "Lopez Forn, M."]
[Black "Codina Garcia, J."]
[Result "1-0"]
[WhiteElo "2176"]
[BlackElo "2219"]
[PlyCount "125"]
[EventDate "2014.??.??"]
[EventType "team"]
[EventCountry "ESP"]

1. e4 e6 2. d4 d5 3. Nc3 Be7 4. Nf3 dxe4 5. Nxe4 Nd7 6. Be3 Ngf6 7. Nxf6+ Bxf6
8. c3 Qe7 9. Qc2 c5 10. O-O-O O-O 11. h4 cxd4 12. Ng5 g6 13. Bxd4 Bxd4 14. Rxd4
e5 15. Rd1 Nc5 16. Bc4 Bf5 17. Qe2 h6 18. g4 Bd7 19. Ne4 Bc6 20. f3 Rad8 21.
Qe3 Bxe4 22. fxe4 Kg7 23. g5 h5 24. Rd5 Rxd5 25. exd5 b6 26. Re1 Re8 27. Rf1
Nb7 28. Rf6 Nd6 29. Bb3 Rc8 30. Kd1 Rd8 31. Kc1 Rc8 32. Kd1 Rd8 33. Kd2 Rc8 34.
Kd3 Rd8 35. Kc2 Rc8 36. Kd1 Rd8 37. Kc2 Rc8 38. Kd3 Rd8 39. Kc2 Rc8 40. Kd3 Rd8
41. c4 Rc8 42. Kc3 b5 43. c5 Rxc5+ 44. Kd2 Rc4 45. Kd1 Rd4+ 46. Kc1 Qc7+ 47.
Kb1 Rxh4 48. Qxe5 Kf8 49. Qxd6+ Qxd6 50. Rxd6 Ke7 51. Rf6 Rd4 52. Kc2 h4 53.
Kc3 Rg4 54. d6+ Kd7 55. Rxf7+ Kxd6 56. Rf6+ Ke5 57. Rxg6 h3 58. Rh6 Rg3+ 59.
Kb4 Kf4 60. g6 Kg5 61. Rh8 Kf4 62. g7 Rxg7 63. Rxh3 1-0

[Event "Lliga Catalana eq. DH"]
[Site "?"]
[Date "2014.03.08"]
[Round "7.9"]
[White "Raineri de Luca, P."]
[Black "Diaz Lopez, P."]
[Result "1-0"]
[WhiteElo "2370"]
[BlackElo "2088"]
[PlyCount "65"]
[EventDate "2014.??.??"]
[EventType "team"]
[EventCountry "ESP"]

1. d4 Nf6 2. c4 g6 3. Nc3 Bg7 4. e4 d6 5. Bd3 O-O 6. Nge2 e5 7. d5 a5 8. O-O
Na6 9. h3 Nc5 10. Bc2 Bd7 11. Be3 Qc8 12. Kh2 h5 13. b3 Kh7 14. a3 b6 15. b4
Nb7 16. Qd2 Ng8 17. Ba4 Bxa4 18. Nxa4 f5 19. exf5 Qxf5 20. Ng3 Qd7 21. Nc3 Rf4
22. Bxf4 exf4 23. Nge4 Qe7 24. Rae1 Be5 25. Nb5 Nh6 26. Nd4 Nf5 27. Nf3 Re8 28.
Neg5+ Kg8 29. Qd3 Qf6 30. Nxe5 dxe5 31. Ne6 Re7 32. c5 g5 33. Qe4 1-0

[Event "Lliga Catalana eq. DH"]
[Site "?"]
[Date "2014.03.08"]
[Round "7.9"]
[White "Rivas Garcia, V."]
[Black "Soler Rionegro, A."]
[Result "1-0"]
[WhiteElo "2331"]
[BlackElo "2079"]
[PlyCount "47"]
[EventDate "2014.??.??"]
[EventType "team"]
[EventCountry "ESP"]

1. e4 c5 2. Nc3 Nc6 3. Bb5 g6 4. Bxc6 dxc6 5. f4 Nf6 6. d3 Bg7 7. Nf3 O-O 8.
O-O Qc7 9. Qe1 b6 10. Qh4 h5 11. f5 Nh7 12. Bf4 Qd7 13. Qg3 e6 14. fxg6 fxg6
15. Kh1 Qf7 16. Bd6 Rd8 17. e5 Qe8 18. Ne4 Rd7 19. Nh4 a6 20. Nxg6 Raa7 21. Nf8
Rf7 22. Rxf7 Rxf7 23. Nxh7 h4 24. Nhf6+ 1-0

[Event "Lliga Catalana eq. DH"]
[Site "?"]
[Date "2014.03.08"]
[Round "7.9"]
[White "Yastrebova, T."]
[Black "Almirall Botella, J."]
[Result "1/2-1/2"]
[WhiteElo "2108"]
[BlackElo "2147"]
[PlyCount "73"]
[EventDate "2014.??.??"]
[EventType "team"]
[EventCountry "ESP"]

1. b3 Nf6 2. Bb2 g6 3. Bxf6 exf6 4. c4 Bg7 5. Nc3 O-O 6. Rc1 f5 7. g3 d6 8. e3
a5 9. Bg2 c6 10. Nge2 Re8 11. O-O Nd7 12. d3 Nf6 13. a3 Be6 14. b4 axb4 15.
axb4 d5 16. cxd5 Nxd5 17. Nxd5 Bxd5 18. Bxd5 Qxd5 19. Nc3 Bxc3 20. Rxc3 Ra2 21.
Qb3 Qxb3 22. Rxb3 Rea8 23. d4 Rc2 24. b5 Raa2 25. bxc6 bxc6 26. Rb7 Kg7 27. Kg2
g5 28. Rc7 Kg6 29. Rd7 f6 30. h3 h6 31. Rd8 Re2 32. Kg1 Rec2 33. Rg8+ Kh7 34.
Re8 Kg6 35. Rg8+ Kf7 36. Rc8 Rd2 37. Rd8 1/2-1/2

[Event "Lliga Catalana eq. DH"]
[Site "?"]
[Date "2014.03.08"]
[Round "7.10"]
[White "Arias Boo, G."]
[Black "Casanellas Ruano, L."]
[Result "1-0"]
[WhiteElo "2392"]
[BlackElo "2254"]
[PlyCount "61"]
[EventDate "2014.??.??"]
[EventType "team"]
[EventCountry "ESP"]

1. d4 d5 2. c4 c6 3. Nf3 Nf6 4. Nc3 dxc4 5. a4 Bf5 6. e3 e6 7. Bxc4 Nbd7 8. O-O
Be7 9. Qe2 O-O 10. e4 Bg6 11. a5 Bb4 12. a6 Bxc3 13. axb7 Rb8 14. bxc3 Nxe4 15.
Ba6 Qc7 16. Qb2 Bh5 17. Ne1 e5 18. Nd3 f6 19. Be3 Nb6 20. Rfe1 Nd6 21. Nc5 Bf7
22. dxe5 fxe5 23. Qe2 Nd5 24. Qg4 Nf6 25. Qh3 Kh8 26. Reb1 Bg6 27. Ne6 Qe7 28.
Nxf8 Bxb1 29. Rxb1 Qxf8 30. Bxa7 Nfe4 31. Qe3 1-0

[Event "Lliga Catalana eq. DH"]
[Site "?"]
[Date "2014.03.08"]
[Round "7.10"]
[White "Casals, J."]
[Black "Gutierrez Clares, J."]
[Result "0-1"]
[WhiteElo "1970"]
[BlackElo "2321"]
[PlyCount "68"]
[EventDate "2014.??.??"]
[EventType "team"]
[EventCountry "ESP"]

1. d4 Nf6 2. c4 g6 3. Nc3 Bg7 4. e4 d6 5. Nf3 O-O 6. Be2 Na6 7. O-O e5 8. d5
Nc5 9. Qc2 a5 10. Be3 Ng4 11. Bg5 f6 12. Bh4 h5 13. h3 Nh6 14. Nd2 Qe8 15. Nb3
b6 16. Nb5 Na6 17. Qd1 f5 18. f3 Bd7 19. a4 Nf7 20. g4 Bh6 21. Kg2 Kg7 22. Nd2
Bf4 23. Bg3 Bxg3 24. Kxg3 hxg4 25. hxg4 f4+ 26. Kg2 Rh8 27. Rh1 Qe7 28. Qc2 Rh4
29. Rag1 Rah8 30. Qd1 Qg5 31. Qe1 Bxb5 32. cxb5 Nb4 33. Nc4 Nc2 34. Qf1 Qh6 0-1

[Event "Lliga Catalana eq. DH"]
[Site "?"]
[Date "2014.03.08"]
[Round "7.10"]
[White "Cifuentes Freixas, R."]
[Black "Pozanco Romasanta, M."]
[Result "1/2-1/2"]
[WhiteElo "2047"]
[BlackElo "2192"]
[PlyCount "86"]
[EventDate "2014.??.??"]
[EventType "team"]
[EventCountry "ESP"]

1. d4 Nf6 2. c4 e6 3. g3 c5 4. Nf3 b6 5. Bg2 Bb7 6. e3 Be7 7. O-O Qc7 8. b3 O-O
9. Bb2 d6 10. Nbd2 Nc6 11. a3 a6 12. Re1 b5 13. Rc1 Qb6 14. dxc5 dxc5 15. Qc2
b4 16. a4 Rad8 17. Rcd1 Rd7 18. Nf1 Rfd8 19. Rxd7 Rxd7 20. Rd1 Qd8 21. Rxd7
Qxd7 22. N1d2 Qd6 23. Ne1 Nd7 24. Ne4 Qc7 25. f4 f5 26. Nf2 Bf6 27. Ned3 Na5
28. Bxf6 gxf6 29. Ne1 Bxg2 30. Kxg2 Qd6 31. g4 e5 32. Ned3 Qc6+ 33. Kg3 e4 34.
Nc1 fxg4 35. Qxe4 f5 36. Qxc6 Nxc6 37. e4 Nf6 38. exf5 Nd4 39. Nfd3 Nxf5+ 40.
Kg2 Ne4 41. Nf2 Ne3+ 42. Kg1 Nd2 43. Nfd3 Ne4 {ilegible, tablas en jugada 60}
1/2-1/2

[Event "Lliga Catalana eq. DH"]
[Site "?"]
[Date "2014.03.08"]
[Round "7.10"]
[White "Comallonga Fernandez, J."]
[Black "Clopes Llahi, J."]
[Result "1-0"]
[WhiteElo "2198"]
[BlackElo "2227"]
[PlyCount "55"]
[EventDate "2014.??.??"]
[EventType "team"]
[EventCountry "ESP"]

1. d4 Nf6 2. c4 e6 3. Nf3 Bb4+ 4. Bd2 c5 5. Bxb4 cxb4 6. Nbd2 O-O 7. e4 d6 8.
Be2 Nbd7 9. O-O a5 10. a3 bxa3 11. Rxa3 Qb6 12. Qa1 e5 13. b4 exd4 14. bxa5 Qc5
15. Rb1 Re8 16. Rb5 Qa7 17. Nxd4 Nxe4 18. Nxe4 Rxe4 19. Nf5 Ne5 20. Ng3 Rf4 21.
c5 g6 22. Qc1 Rf6 23. Qg5 Re6 24. cxd6 f6 25. Qd2 Bd7 26. Qd5 Qb8 27. Rxb7 Qxd6
28. Rxd7 1-0

[Event "Lliga Catalana eq. DH"]
[Site "?"]
[Date "2014.03.08"]
[Round "7.10"]
[White "Gensana Berzunces, J."]
[Black "Garcia Castellote, O."]
[Result "1/2-1/2"]
[WhiteElo "2041"]
[BlackElo "2171"]
[PlyCount "58"]
[EventDate "2014.??.??"]
[EventType "team"]
[EventCountry "ESP"]

1. e4 c5 2. Nf3 Nc6 3. c4 g6 4. d4 cxd4 5. Nxd4 Bg7 6. Be3 Nf6 7. Nc3 Ng4 8.
Qxg4 Nxd4 9. Qd1 e5 10. Bxd4 exd4 11. Nd5 O-O 12. Bd3 d6 13. Qd2 Be6 14. O-O
Rc8 15. Rae1 Bxd5 16. exd5 Qd7 17. Re4 Rfe8 18. Rfe1 Rxe4 19. Rxe4 Re8 20.
Rxe8+ Qxe8 21. g3 b6 22. b3 h5 23. h4 Qe5 24. Qe2 Qxe2 25. Bxe2 f5 26. f4 Kf7
27. b4 Ke7 28. b5 Kd7 29. Bd3 Kc7 1/2-1/2

[Event "Lliga Catalana eq. DH"]
[Site "?"]
[Date "2014.03.08"]
[Round "7.10"]
[White "Gorgues Mateu, D."]
[Black "Lopez Santana, O."]
[Result "1-0"]
[WhiteElo "1865"]
[BlackElo "2279"]
[PlyCount "45"]
[EventDate "2014.??.??"]
[EventType "team"]
[EventCountry "ESP"]

1. e4 e6 2. Nf3 d5 3. exd5 exd5 4. d4 Bd6 5. Bd3 Nc6 6. c3 Bg4 7. O-O Nge7 8.
Bg5 Qd7 9. Nbd2 O-O-O 10. b4 Rde8 11. Qa4 Kb8 12. b5 Nd8 13. Ne5 Qc8 14. Be3
Bf5 15. c4 f6 16. Rab1 Bxd3 17. Nxd3 dxc4 18. Nxc4 Nd5 19. Rfc1 Qd7 20. Nc5 Qe7
21. b6 Bxc5 22. Qxa7+ Kc8 23. dxc5 1-0

[Event "Lliga Catalana eq. DH"]
[Site "?"]
[Date "2014.03.08"]
[Round "7.10"]
[White "Mendoza Barbera, P."]
[Black "Schoonen, I."]
[Result "1-0"]
[WhiteElo "2035"]
[BlackElo "1700"]
[PlyCount "51"]
[EventDate "2014.??.??"]
[EventType "team"]
[EventCountry "ESP"]

1. e4 e5 2. Nf3 d6 3. d4 Bg4 4. dxe5 Bxf3 5. Qxf3 dxe5 6. Bc4 Nf6 7. Qb3 Qd6 8.
Bxf7+ Kd8 9. Qxb7 Qc6 10. Qxc6 Nxc6 11. O-O Nd4 12. Rd1 Ke7 13. Bb3 Nxb3 14.
axb3 Kf7 15. Nc3 a6 16. Bg5 Ne8 17. Rd8 Ra7 18. Be3 c5 19. Rd5 Ke6 20. b4 Nc7
21. Rd8 Ke7 22. Bg5+ Ke6 23. b5 Rb7 24. bxa6 Rxb2 25. a7 h6 26. Nd5 1-0

[Event "Lliga Catalana eq. DH"]
[Site "?"]
[Date "2014.03.08"]
[Round "7.10"]
[White "Sole Bove, J."]
[Black "Bosque Ortega, X."]
[Result "0-1"]
[WhiteElo "1905"]
[BlackElo "2293"]
[PlyCount "96"]
[EventDate "2014.??.??"]
[EventType "team"]
[EventCountry "ESP"]

1. e4 c6 2. d4 g6 3. c4 Bg7 4. Nc3 d6 5. Be2 Nf6 6. Nf3 O-O 7. O-O Bg4 8. h3
Bxf3 9. Bxf3 Nbd7 10. Be3 Qc7 11. Rc1 e5 12. d5 c5 13. Qc2 a6 14. a3 Kh8 15.
Be2 Ng8 16. Bd3 Bh6 17. Bxh6 Nxh6 18. Qd2 Kg7 19. f4 exf4 20. Qxf4 Ne5 21. Qf6+
Kg8 22. Be2 Qd8 23. b4 Rc8 24. b5 Qxf6 25. Rxf6 Rfd8 26. g4 Kg7 27. Rff1 f6 28.
Rb1 Rb8 29. Kg2 Nhf7 30. Kg3 a5 31. Rf2 b6 32. Rbf1 Nd7 33. h4 Nfe5 34. Rh1 Rf8
35. h5 Nf7 36. hxg6 hxg6 37. Rfh2 Ng5 38. Nd1 Nxe4+ 39. Kf4 Ng5 40. Ne3 Rbe8
41. Bd3 Ne5 42. Bc2 Nef7 43. Re1 Re5 44. Ng2 Rxe1 45. Nxe1 Ne5 46. Re2 Re8 47.
Bb3 Nd3+ 48. Nxd3 Rxe2 0-1